Länder, die Island am Nächsten Liegen - Eine Minute Sprint - Statistiken

Allgemein
  • Dieses Quiz wurde 141 mal gespielt
  • Das Durchschnittsergebnis liegt bei 14 aus 20
Antwortstatistiken
km Land % Korrekt
973 Norwegen
98%
1472 Dänemark
96%
1239 Schweden
96%
783 Vereinigtes Königreich
95%
1079 Irland
93%
1639 Kanada
91%
1501 Finnland
88%
1632 Deutschland
84%
1657 Niederlande
81%
1773 Frankreich
78%
1783 Belgien
73%
1815 Russland
66%
1989 Luxemburg
59%
1971 Polen
53%
1949 Estland
42%
285 Grönland
40%
2024 Lettland
40%
2103 Litauen
36%
434 Färöer Inseln
35%
2209 Tschechien
18%
Keine übereinstimmenden Quizze gefunden
Verteilung der Resultate
Anzahl Personen mit jedem Resultat
Perzentil nach korrekt beantworteten Fragen
Ihre Resultats-Entwicklung
Sie haben dieses Quiz noch nicht gespielt